Le T.R.P. Basile-Antoine Moreau, (1799-1873), et les Origines de la Congrégation de Sainte-Croix / (Record n. 25891)
[ formato base ]
| 000 -LEADER | |
|---|---|
| fixed length control field | 00914nam a2200241 ic4500 |
| 003 - CONTROL NUMBER IDENTIFIER | |
| control field | IT-RoINE |
| 005 - DATE AND TIME OF LATEST TRANSACTION | |
| control field | 20180706061931.0 |
| 008 - FIXED-LENGTH DATA ELEMENTS--GENERAL INFORMATION | |
| fixed length control field | 020829s1950 fr af|||| ||||| |||||c |
| 040 ## - CATALOGING SOURCE | |
| Transcribing agency | IT-RoINE |
| Modifying agency | IT-RoINE |
| 100 1# - MAIN ENTRY--PERSONAL NAME | |
| Personal name | Catta, Étienne, |
| Dates associated with a name | 1901-1974 |
| 9 (RLIN) | 51377 |
| 245 00 - TITLE STATEMENT | |
| Title | Le T.R.P. Basile-Antoine Moreau, (1799-1873), et les Origines de la Congrégation de Sainte-Croix / |
| Statement of responsibility, etc | Etienne Catta ; Tony Catta. |
| 260 ## - PUBLICATION, DISTRIBUTION, ETC. (IMPRINT) | |
| Place of publication, distribution, etc | Montréal ; |
| -- | Paris : |
| Name of publisher, distributor, etc | Fides, |
| Date of publication, distribution, etc | 1950. |
| 300 ## - PHYSICAL DESCRIPTION | |
| Extent | 3 v. ; |
| Dimensions | 25 cm. |
| 336 ## - CONTENT TYPE | |
| Source | rdacontent |
| Content type term | text |
| 337 ## - MEDIA TYPE | |
| Source | rdamedia |
| Media type term | unmediated |
| 338 ## - CARRIER TYPE | |
| Source | rdacarrier |
| Carrier type term | volume |
| 500 ## - GENERAL NOTE | |
| General note | Incluye índices. |
| 504 ## - BIBLIOGRAPHY, ETC. NOTE | |
| Bibliography, etc | Fuentes: p. [XVIII]-XX (t. 1) ; bibliografía: p. [481]-484 (t. 3). |
| 600 14 - SUBJECT ADDED ENTRY--PERSONAL NAME | |
| Personal name | Moreau, Basile-Antoine-Marie, |
| Dates associated with a name | 1799-1873 |
| 9 (RLIN) | 51378 |
| 610 24 - SUBJECT ADDED ENTRY--CORPORATE NAME | |
| Corporate name or jurisdiction name as entry element | Congregación de Santa Cruz (Le Mans, Francia) |
| General subdivision | Historia |
| 9 (RLIN) | 51379 |
| 700 1# - ADDED ENTRY--PERSONAL NAME | |
| Personal name | Catta, Tony, |
| Dates associated with a name | 1884-1974 |
| 9 (RLIN) | 51380 |
| 942 ## - ADDED ENTRY ELEMENTS (KOHA) | |
| Item type | Monografías |
| Withdrawn status | Lost status | Damaged status | Not for loan | Home library | Current library | Date acquired | Total Checkouts | Full call number | Barcode | Date last seen | Price effective from | Koha item type | Public note |
|---|---|---|---|---|---|---|---|---|---|---|---|---|---|
| Iglesia Nacional Española en Roma | Iglesia Nacional Española en Roma | 06/07/2018 | HIS.ECL 203.1 | 51456 | 06/07/2018 | 06/07/2018 | Monografías | T. 1 | |||||
| Iglesia Nacional Española en Roma | Iglesia Nacional Española en Roma | 06/07/2018 | HIS.ECL 203.2 | 51457 | 06/07/2018 | 06/07/2018 | Monografías | T. 2 | |||||
| Iglesia Nacional Española en Roma | Iglesia Nacional Española en Roma | 06/07/2018 | HIS.ECL 203.3 | 51458 | 06/07/2018 | 06/07/2018 | Monografías | T. 3 |